[Event "Mittelrhein Verbandsliga-S 18/19"]
[Site "Nordrheinwestfalen"]
[Date "2019.05.19"]
[Round "11.2"]
[White "Krah, Marc"]
[Black "Zupcevic, Samir"]
[Result "1/2-1/2"]
[WhiteElo "1962"]
[BlackElo "2097"]
[PlyCount "50"]
[EventDate "2018.09.02"]
[EventType "team-tourn"]
[EventRounds "11"]
[EventCountry "GER"]
[SourceTitle "EXT 2022"]
[Source "ChessBase"]
[SourceDate "2021.10.06"]
[SourceVersion "1"]
[SourceVersionDate "2021.10.06"]
[SourceQuality "1"]
[WhiteTeam "Satranc Club"]
[BlackTeam "Godesberg II"]
[WhiteTeamCountry "GER"]
[BlackTeamCountry "GER"]

1. e4 e6 2. d4 d5 3. e5 c5 4. c3 Nc6 5. Be3 Qb6 6. Qd2 Bd7 7. Nf3 Rc8 8. Bd3 cxd4 9. Bxd4 Nxd4 10. Nxd4 Bc5 11. Nb3 Bb5 12. 0-0 Ne7 13. Nxc5 Qxc5 14. Na3 Bxd3 15. Qxd3 a6 16. Rfe1 Ng6 17. Qd2 0-0 18. Nc2 f6 19. Nd4 Rce8 20. Nf3 Qc7 21. Qe3 Rc8 22. Rad1 fxe5 23. Nxe5 Nxe5 24. Qxe5 Qxe5 25. Rxe5 Kf7 1/2-1/2

[Event "Mittelrhein Verbandsliga-S 17/18"]
[Site "Nordrheinwestfalen"]
[Date "2018.05.06"]
[Round "11.7"]
[White "Pastor, Alexander"]
[Black "Krah, Marc"]
[Result "0-1"]
[WhiteElo "1533"]
[BlackElo "1962"]
[PlyCount "60"]
[EventDate "2017.09.10"]
[EventType "team-tourn"]
[EventRounds "11"]
[EventCountry "GER"]
[SourceTitle "EXT 2022"]
[Source "ChessBase"]
[SourceDate "2021.10.06"]
[SourceVersion "1"]
[SourceVersionDate "2021.10.06"]
[SourceQuality "1"]
[WhiteTeam "Hennef"]
[BlackTeam "Satranc Club"]
[WhiteTeamCountry "GER"]
[BlackTeamCountry "GER"]

1. d4 Nf6 2. Nf3 g6 3. c4 Bg7 4. Nc3 d5 5. e3 0-0 6. b3 c6 7. Bd3 Qa5 8. Bd2 Qd8 9. Ne5 Be6 10. 0-0 Ne8 11. f4 Nd6 12. c5 Nf5 13. g4 Nh6 14. f5 Bc8 15. h3 f6 16. Nxg6 hxg6 17. fxg6 e5 18. e4 dxe4 19. Bxe4 Qxd4+ 20. Rf2 f5 21. gxf5 Bxf5 22. Qh5 Bxe4 23. Raf1 Rf5 24. Qh4 Bd3 25. Qe7 Qd7 26. Qh4 Rxf2 27. Rxf2 Bxg6 28. Bxh6 Bxh6 29. Qxh6 Qg7 30. Qh4 Nd7 0-1

[Event "Mittelrhein Verbandsliga-S 17/18"]
[Site "Nordrheinwestfalen"]
[Date "2018.01.14"]
[Round "6.6"]
[White "Haak, Norbert"]
[Black "Krah, Marc"]
[Result "0-1"]
[WhiteElo "1881"]
[BlackElo "1971"]
[PlyCount "68"]
[EventDate "2017.09.10"]
[EventType "team-tourn"]
[EventRounds "11"]
[EventCountry "GER"]
[SourceTitle "EXT 2022"]
[Source "ChessBase"]
[SourceDate "2021.10.06"]
[SourceVersion "1"]
[SourceVersionDate "2021.10.06"]
[SourceQuality "1"]
[WhiteTeam "Rheinbacher SF"]
[BlackTeam "Satranc Club"]
[WhiteTeamCountry "GER"]
[BlackTeamCountry "GER"]

1. e4 c5 2. Nc3 e6 3. g3 Nc6 4. Bg2 Be7 5. d3 d6 6. Nh3 Rb8 7. 0-0 b5 8. Kh1 h5 9. f4 Bd7 10. f5 Nf6 11. Ng5 b4 12. Nb1 exf5 13. exf5 Nd4 14. Bh3 Qc8 15. Bf4 Nxf5 16. Bg2 Bc6 17. Ne4 Qb7 18. Nbd2 Rd8 19. c3 h4 20. Qf3 Kf8 21. g4 Nxe4 22. Nxe4 d5 23. Ng5 h3 24. Bxh3 Bxg5 25. d4 Bxf4 26. Qxf4 Rxh3 27. Qxf5 Qd7 28. Qg5 Re8 29. Rf2 Rhe3 30. Raf1 Re1 31. Qh5 Rxf1+ 32. Rxf1 Kg8 33. g5 Qe6 34. Kg1 Bb5 0-1